<?xml version="1.0" encoding="UTF-8"?>
<record
    xmlns:xsi="http://www.w3.org/2001/XMLSchema-instance"
    xsi:schemaLocation="http://www.loc.gov/MARC21/slim http://www.loc.gov/standards/marcxml/schema/MARC21slim.xsd"
    xmlns="http://www.loc.gov/MARC21/slim">

  <leader>00653nam a22001337a 4500</leader>
  <datafield tag="040" ind1=" " ind2=" ">
    <subfield code="c">RUA</subfield>
  </datafield>
  <datafield tag="082" ind1=" " ind2=" ">
    <subfield code="a">Ms. ORN 2021 B1.278 Or.</subfield>
  </datafield>
  <datafield tag="100" ind1=" " ind2=" ">
    <subfield code="a">ORNG VITOU &#x17A2;&#x17CA;&#x1784; &#x179C;&#x17B7;&#x1791;&#x17BC;</subfield>
  </datafield>
  <datafield tag="245" ind1=" " ind2=" ">
    <subfield code="a">QUANTITY AND QUALITY OF VERGIN COCONUT OIL PRODUCED USING DIFFERENT VARIETIES AND METHODS &#x1794;&#x179A;&#x17B7;&#x1798;&#x17B6;&#x178E; &#x1793;&#x17B7;&#x1784;&#x1782;&#x17BB;&#x178E;&#x1797;&#x17B6;&#x1796;&#x1794;&#x17D2;&#x179A;&#x17C1;&#x1784;&#x178A;&#x17BC;&#x1784;&#x178A;&#x17C2;&#x179B;&#x1795;&#x179B;&#x17B7;&#x178F;&#x178A;&#x17C4;&#x1799;&#x1794;&#x17D2;&#x179A;&#x17BE;&#x1796;&#x17BC;&#x1787; &#x1793;&#x17B7;&#x1784;&#x179C;&#x17B7;&#x1792;&#x17B8;&#x179F;&#x17B6;&#x179F;&#x17D2;&#x179A;&#x17D2;&#x178F;&#x1781;&#x17BB;&#x179F;&#x17D7;&#x1782;&#x17D2;&#x1793;&#x17B6;</subfield>
  </datafield>
  <datafield tag="260" ind1=" " ind2=" ">
    <subfield code="a">PHNOM PENH</subfield>
    <subfield code="b">RUA</subfield>
    <subfield code="c">2021</subfield>
  </datafield>
  <datafield tag="300" ind1=" " ind2=" ">
    <subfield code="a">XI. 50P</subfield>
    <subfield code="b">VII.</subfield>
    <subfield code="c">29CM</subfield>
  </datafield>
  <datafield tag="856" ind1=" " ind2=" ">
    <subfield code="u">https://drive.google.com/file/d/11JSfkzqIoc9-4OyOXHV91D-o8NKjU29l/view?usp=sharing</subfield>
  </datafield>
  <datafield tag="942" ind1=" " ind2=" ">
    <subfield code="c">NRM</subfield>
  </datafield>
  <datafield tag="999" ind1=" " ind2=" ">
    <subfield code="c">23648</subfield>
    <subfield code="d">23648</subfield>
  </datafield>
  <datafield tag="952" ind1=" " ind2=" ">
    <subfield code="0">0</subfield>
    <subfield code="1">0</subfield>
    <subfield code="2">ddc</subfield>
    <subfield code="4">0</subfield>
    <subfield code="6">MS___ORN_2021_000000000000000_B1_278_OR_1</subfield>
    <subfield code="7">0</subfield>
    <subfield code="9">101361</subfield>
    <subfield code="a">LBB</subfield>
    <subfield code="b">LBB</subfield>
    <subfield code="c">B1.278</subfield>
    <subfield code="d">2024-09-10</subfield>
    <subfield code="o">Ms. ORN 2021 B1.278 Or.1</subfield>
    <subfield code="p">a077478</subfield>
    <subfield code="r">2024-09-10</subfield>
    <subfield code="w">2024-09-10</subfield>
    <subfield code="y">NRM</subfield>
  </datafield>
  <datafield tag="952" ind1=" " ind2=" ">
    <subfield code="0">0</subfield>
    <subfield code="1">0</subfield>
    <subfield code="2">ddc</subfield>
    <subfield code="4">0</subfield>
    <subfield code="6">MS___ORN_2021_000000000000000_B1_278_OR_2</subfield>
    <subfield code="7">0</subfield>
    <subfield code="9">101362</subfield>
    <subfield code="a">LBB</subfield>
    <subfield code="b">LBB</subfield>
    <subfield code="c">B1.278</subfield>
    <subfield code="d">2024-09-10</subfield>
    <subfield code="o">Ms. ORN 2021 B1.278 Or.2</subfield>
    <subfield code="p">a077582</subfield>
    <subfield code="r">2024-09-10</subfield>
    <subfield code="w">2024-09-10</subfield>
    <subfield code="y">NRM</subfield>
  </datafield>
  <datafield tag="952" ind1=" " ind2=" ">
    <subfield code="0">0</subfield>
    <subfield code="1">0</subfield>
    <subfield code="2">ddc</subfield>
    <subfield code="4">0</subfield>
    <subfield code="6">MS___ORN_2021_000000000000000_B1_278_OR_3</subfield>
    <subfield code="7">0</subfield>
    <subfield code="9">101363</subfield>
    <subfield code="a">LBB</subfield>
    <subfield code="b">LBB</subfield>
    <subfield code="c">B1.278</subfield>
    <subfield code="d">2024-09-10</subfield>
    <subfield code="o">Ms. ORN 2021 B1.278 Or.3</subfield>
    <subfield code="p">a077678</subfield>
    <subfield code="r">2024-09-10</subfield>
    <subfield code="w">2024-09-10</subfield>
    <subfield code="y">NRM</subfield>
  </datafield>
  <datafield tag="952" ind1=" " ind2=" ">
    <subfield code="0">0</subfield>
    <subfield code="1">0</subfield>
    <subfield code="2">ddc</subfield>
    <subfield code="4">0</subfield>
    <subfield code="6">MS___ORN_2021_000000000000000_B1_278_OR_4</subfield>
    <subfield code="7">0</subfield>
    <subfield code="9">101364</subfield>
    <subfield code="a">LBB</subfield>
    <subfield code="b">LBB</subfield>
    <subfield code="c">B1.278</subfield>
    <subfield code="d">2024-09-10</subfield>
    <subfield code="o">Ms. ORN 2021 B1.278 Or.4</subfield>
    <subfield code="p">a077530</subfield>
    <subfield code="r">2024-09-10</subfield>
    <subfield code="w">2024-09-10</subfield>
    <subfield code="y">NRM</subfield>
  </datafield>
</record>
